00919pam a2200265 a 450000100040000000500170000400800410002102000170006202000270007904000230010605000240012908200140015310000470016724500680021425000440028226000340032630000450036049000390040550500080044452001150045252100200056752100200058765000130060770000330062076720230815101747.0930601r19941954nyuab j 000 1 eng  a0060234881 : a006023489X (lib. bdg.) aDLCcDLCdDLCbeng00aPZ7.L58474bHo 199400a[Fic]2201 aLewis, C. S.q(Clive Staples),d1898-1963.14aThe Silver Chair /cC.S. Lewis ; illustrated by Pauline Baynes. aFirst Scholastic printing, January 1995 aNew York :bScholastic,c1995 a243 pages :billustrations, map ;c20 cm1 aThe Chronicles of Narnia ;vBook 6 aU  aA boy and a talking horse share an adventurous and dangerous journey to Narnia to warn of invading barbarians. a840 bLexile  aU bRaz-Plus  1aFantasy.1 aBaynes, Paulineeillustrator